00440 2200157 4500001002100000008004100021035002000062245006400082100003300146260002500179300002200204020002200226084001400248082000800262990001200270INLIS000000000002832 IND  a0010-0925000179 aDi Atas Waktu Aku MenemukanmucMitha Juniar & Ana Sastravel aMitha Juniar & Ana Sastravel aJakartabZettuc2013 a284c(13 x 19 cm) a978-602-7999-47-3 a813 ANA d a813 a0755054